| 000 | 00963cam a22002531i 4500 | ||
|---|---|---|---|
| 003 | SA_RiAUC | ||
| 005 | 20250616052058.0 | ||
| 008 | 250614s2012 ku g f000 0 ara c | ||
| 040 |
_aSA-MaMIU _bara _cSA-RiAUC _erda |
||
| 082 | 0 | 4 |
_a230.9 _qSA-RiAUC |
| 090 |
_a230.9 _bن و ح |
||
| 100 | 1 |
_aنوح، السيد محمد، _d1945-2007 _eمؤلف. |
|
| 245 | 1 | 0 |
_aشفاء الصدور في تاريخ السنة ومناهج المحدثين / _cالسيد محمد السيد نوح. |
| 250 | _aالطبعة الأولى. | ||
| 264 | 1 |
_aالكويت : _bإدارة الثقافة الإسلامية، _c2012 |
|
| 300 |
_a169 صفحة ؛ _c21 سم |
||
| 336 |
_aنص _btxt _2rdacontent _3كتاب |
||
| 337 |
_aبدون وسيط _bn _2rdamedia |
||
| 338 |
_aمجلد _bnc _2rdacarrier |
||
| 650 | 7 |
_aعلم الكلام _2aucsh |
|
| 650 | 7 |
_aالحديث _xجوامع الفنون _2aucsh |
|
| 942 |
_2ddc _cBOOK _n0 |
||
| 949 |
_aSA-JeALM _d250614 _umohamedma123 _n1 |
||
| 999 |
_c9007 _d9007 |
||